Countries of North America Without a Map - Statistics

General Stats
  • This quiz has been taken 23 times
  • The average score is 19 of 23
Answer Stats
Countries % Correct
Canada
100%
Mexico
100%
United States of America
100%
Cuba
93%
Bahamas
86%
Costa Rica
86%
Dominica
86%
Dominican Republic
86%
Guatemala
86%
Honduras
86%
Panama
86%
Trinidad and Tobago
86%
Belize
79%
El Salvador
79%
Grenada
79%
Haiti
79%
Nicaragua
79%
Jamaica
71%
St. Kitts and Nevis
71%
St. Lucia
71%
St. Vincent and the Grenadines
71%
Antigua and Barbuda
64%
Barbados
64%
No matching quizzes found
Score Distribution
Percent of People with Each Score
Percentile by Number Answered
Your Score History
You have not taken this quiz